50 Point Games (2023-2024) - Statistics

General Stats
  • This quiz has been taken 34 times
  • The average score is 18 of 20
Answer Stats
Points Team Player % Correct
50 Mavericks Luka Doncic
100%
73 Mavericks Luka Doncic
100%
60 Warriors Stephen Curry
100%
52 Suns Devin Booker
97%
62 Suns Devin Booker
97%
51 Timberwolves Anthony Edwards
94%
54 Bucks Giannis Antetokounmpo
94%
64 Bucks Giannis Antetokounmpo
94%
50 76ers Joel Embiid
91%
51 76ers Joel Embiid
91%
70 76ers Joel Embiid
91%
50 76ers Joel Embiid
91%
50 Knicks Jalen Brunson
88%
61 Knicks Jalen Brunson
88%
62 Timberwolves Karl-Anthony Towns
88%
50 76ers Tyrese Maxey
81%
51 76ers Tyrese Maxey
81%
52 76ers Tyrese Maxey
81%
51 Bulls Zach LaVine
78%
50 Pistons Malachi Flynn
38%
No matching quizzes found
Score Distribution
Percent of People with Each Score
Percentile by Number Answered
Your Score History
You have not taken this quiz